| 000 | 00347nam a22001337a 4500 | ||
|---|---|---|---|
| 003 | LK-CoDNM | ||
| 005 | 20240802121504.0 | ||
| 008 | 240802b |||||||| |||| 00| 0 eng d | ||
| 040 |
_aLK-CoDNM _dLK-CoDNM _eLK-CoDNM |
||
| 080 | _a60p. : 21 cm | ||
| 245 | _aThe Vedaarthayatna or an Attempt to Interpret the Vedas | ||
| 260 | _c1879 | ||
| 942 | _cBK | ||
| 999 |
_c146393 _d146393 |
||